Informe de finanzas públicas. Proyecto de Ley de Presupuestos del sector público del año 2004

Kaydedildi:
Detaylı Bibliyografya
Yazar: Marcel Cullell, Mario (autor)
Müşterek Yazar: Dirección de Presupuestos y del Ministerio de Hacienda (Yazar)
Materyal Türü: Kitap
Dil:İspanyolca
Baskı/Yayın Bilgisi: Valparaíso Ministerio de Hacienda 2003
Konular:
Etiketler: Etiketle
Etiket eklenmemiş, İlk siz ekleyin!

MARC

LEADER 00000nam a2200000 a 4500
001 UCL6736
003 CL-VaPUC
008 040416e20030000CL |||||||||||||||||spa|d
082 0 4 |a 657.3  |b MAR  |2 21 
100 |a Marcel Cullell, Mario  |e autor  |9 330878 
110 2 |a Dirección de Presupuestos y del Ministerio de Hacienda  |e author  |9 484450 
245 1 0 |a Informe de finanzas públicas. Proyecto de Ley de Presupuestos del sector público del año 2004 
300 |a 125 p 
942 |c BK 
945 |d 20040416 00:00:00  |a cmena 
260 |a Valparaíso  |b Ministerio de Hacienda  |c 2003 
650 0 |a Informes  |9 334810 
650 0 |a Finanzas públicas   |9 358992 
650 0 |a Política fiscal  |9 317354 
650 7 |a GESTION PRESUPUESTARIA  |2 CL-VaPUC  |9 484451 
650 7 |a GASTOS TRIBUTARIOS  |2 CL-VaPUC  |9 484452 
650 7 |a GASTOS PUBLICOS  |2 CL-VaPUC  |9 314611 
650 0 |a Administración financiera  |9 261146 
651 7 |a CHILE  |2 CL-VaPUC  |9 484453 
651 0 |a Valparaíso, Chile  |9 261144 
583 |a last modification  |c 20040416 00:00:00  |k Rodrigo Vera 
999 |c 308718  |d 308716 
952 |0 0  |1 0  |4 0  |6 657_300000000000000_MAR_2003  |7 0  |8 A  |9 375490  |a BIBGIM  |b BIBGIM  |d 2019-11-21  |i 4007476  |l 1  |m 1  |o 657.3 MAR 2003  |p 4007476  |r 2025-01-15  |s 2023-06-05  |w 2019-11-21  |y BK  |k GIM 
952 |0 0  |1 0  |4 0  |6 657_300000000000000_MAR_2003  |7 0  |8 A  |9 375491  |a BIBGIM  |b BIBGIM  |d 2019-11-21  |i 4007484  |l 1  |m 1  |o 657.3 MAR 2003  |p 4007484  |r 2025-01-15  |s 2023-06-06  |w 2019-11-21  |y BK  |k GIM